000 00601nam a2200205 a 4500
001 000021920
005 20200930011514.0
008 100914s1975 mx 000 f spa d
040 _aDO-SdBNP
_bspa
_cBNPHU
082 _aM863.44
_bD542c
100 1 _aDíaz Bullard, A.
_945489
245 1 3 _aEl costeño /
_cA. Díaz Bullard.
260 _aMéxico, D. F. :
_bOrganización Editorial Novaro,
_c1975.
300 _a234 p. ;
_c20 cm.
490 1 _aGrandes Escritores
650 4 _aNovela mexicana
_93959
650 4 _aLiteratura mexicana
_91922
830 0 _aGrandes Escritores
_945490
049 _aBNGR
999 _c21418
_d21418